000 00911nam a2200193 i 4500
001 164370
003 ES-MaACL
005 20251005063130.0
008 050801s1872 fr f | |||||||| ||fre d
040 _aCAM
_bspa
_cCAM
100 1 _aSainte-Beuve, Charles-Augustin,
_d1804-1869
_9162958
245 1 0 _aNouvelle galerie de femmes célèbres
_b: tirés des Causeries du lundi, des portraits littéraires, etc. /
_cpar Sainte-Beuve ; illustrée de portraits gravés au burin par Regnault, Massard, Nargeot, Geoffroy et Delannoy, d'après les dessins de M.G. Staal.
260 _aParis :
_bGarnier Frères, libraires-éditeurs,
_c1872 (
_fImprimerie J. Claye)
300 _a564, [4] p., [13] h. de lám. ;
_c28 cm.
650 4 _aMujeres-
_xBiografías.
_915255
700 1 _aStaal, Gustave,
_d1817-1882
_9132875
852 _aES-MaACL
_jF-10158
_z-- Enc. tela con cortes dorados
999 _c164370
_d164370